| 000 | 00394nam a22001337a 4500 | ||
|---|---|---|---|
| 003 | NUST | ||
| 008 | 240226b ||||| |||| 00| 0 eng d | ||
| 082 | _a005.1,SUL | ||
| 100 |
_aSultana, Sidra _929744 |
||
| 245 |
_aCritical Analysis and Implementation of Flow3 for Migration from OOP to AOP / _cSidra Sultana |
||
| 260 |
_aRawalpindi _bMCS, NUST , _c2013 |
||
| 300 | _a89 p | ||
| 942 |
_2ddc _cTHE |
||
| 999 |
_c608219 _d608219 |
||